Catàleg del Col·legi de Periodistes de Catalunya

Periodistes que fan publicitat (Registre núm. 7708)

000 -CABECERA
Campo de control de longitud fija 00632nam a22001577a 4500
005 - FECHA Y HORA DE LA ÚLTIMA TRANSACCIÓN
Campo de control 20230405131933.0
008 - CAMPO FIJO DE DESCRIPCIÓN FIJA--INFORMACIÓN GENERAL
Campo de control de longitud fija 230405b ||||| |||| 00| 0 eng d
040 ## - FUENTE DE CATALOGACIÓN
Agencia de catalogación original CDMR
110 ## - ENCABEZAMIENTO PRINCIPAL--NOMBRE CORPORATIVO
9 (RLIN) 4391
Nombre corporativo o de jurisdicción como elemento de entrada Consell de la Informació de Catalunya
245 ## - MENCIÓN DE TÍTULO
Título Periodistes que fan publicitat
Parte restante del título : un conflicte d'interessos
Mención de responsabilidad, etc. / Consell de la Informació de Catalunya
260 ## - PUBLICACIÓN, DISTRIBUCIÓN, ETC (PIE DE IMPRENTA)
Lugar de publicación, distribución, etc. [Barcelona]
Nombre del editor, distribuidor, etc. : CIC,
Fecha de publicación, distribución, etc. [2016]
300 ## - DESCRIPCIÓN FÍSICA
Extensión 8 pàgines en català + 8 pàgines en castellà
650 #0 - ASIENTO SECUNDARIO DE MATERIA--TÉRMINO DE MATERIA
9 (RLIN) 983
Nombre de materia o nombre geográfico como elemento de entrada Ètica periodística
856 ## - ACCESO ELECTRÓNICO
Identificador uniforme del recurso URI <a href="https://fcic.periodistes.cat/wp-content/uploads/2016/04/FULLETÓ-CIC-CAT-def.pdf">https://fcic.periodistes.cat/wp-content/uploads/2016/04/FULLETÓ-CIC-CAT-def.pdf</a>
Nota Pública Accés en línia
942 ## - ELEMENTOS KOHA
Fuente de clasificación o esquema de ordenación en estanterías
Koha tipo de item Fullets
Fons
Suprimido Perdido Fuente de clasificación o esquema de ordenación en estanterías Estropeado No se presta Localización (Biblioteca) Sublocalización o Colección (subbiblioteca) Fecha de adquisición Fuente de adquisición Koha préstamos (veces que ha sido prestado) Koha signatura completa Designación de pieza (código de barras) Koha Fecha de último uso Precio Koha tipo de item
        No per a préstec Centre de Documentació Montserrat Roig Centre de Documentació Montserrat Roig 2023-04-05 Donació   Ci 1.1/49 CDMR23040006 2023-04-05 2023-04-05 Fullets

Implantat amb Koha